000 01554nam a2200265Ia 4500
001 18623
003 GE_BSU
008 181216s||||||||xx |||||||||||||| ||und||
020 _a9789941144967
040 _cGE_BSU
080 _a629.391.3
100 _aელიზბარაშვილი, მ. ჭედია, ნ.
245 _aსაპროექტო გადაწყვეტებთან დაკავშირებული არაორთოგონალური გაშლის ოპერატორების გამოთვლითი მდგრადობის ანალიზი
245 _bმონოგრაფია
250 _aსაქართველოს ტექნიკური უნივერსიტეტი
260 _aთბილისი
260 _bტექნიკური უნივერსიტეტი
260 _c2009
300 _a164გვ.20სმ.
300 _eბიბლ.:გვ.156-161
653 _aსაპროექტო გადაწყვეტებთან დაკავშირებული არაორთოგონალური გაშლის ოპერატორების გამოთვლითი მდგრადობის ანალიზი
653 _aსიგნალების ციფრული გადაცემა და დამუშავება
653 _aციფრული სისტემების აგება
942 _cBK
999 _c51632
_d51632